Food and Beverage Operations to Management (Record no. 19759)

MARC details
000 -LEADER
fixed length control field 00490nam a22001697a 4500
003 - CONTROL NUMBER IDENTIFIER
control field OSt
005 - DATE AND TIME OF LATEST TRANSACTION
control field 20211123120502.0
008 - FIXED-LENGTH DATA ELEMENTS--GENERAL INFORMATION
fixed length control field 211123b |||||||| |||| 00| 0 eng d
020 ## - INTERNATIONAL STANDARD BOOK NUMBER
International Standard Book Number 978-93-84588-79-3
040 ## - CATALOGING SOURCE
Transcribing agency Hawassa University
050 ## - LIBRARY OF CONGRESS CALL NUMBER
Classification number 641.802/BAN
Item number 5
082 ## - DEWEY DECIMAL CLASSIFICATION NUMBER
Classification number 641.802/BAN
Item number 5
100 ## - MAIN ENTRY--PERSONAL NAME
Personal name Bansal,Tarun, K.
9 (RLIN) 20107
245 ## - TITLE STATEMENT
Title Food and Beverage Operations to Management
260 ## - PUBLICATION, DISTRIBUTION, ETC.
Place of publication, distribution, etc. New Delhi
Name of publisher, distributor, etc. I.K International Publishing House Pvt.Ltd.
Date of publication, distribution, etc. 2016
942 ## - ADDED ENTRY ELEMENTS (KOHA)
Source of classification or shelving scheme Dewey Decimal Classification
Koha item type Books like text book referance book
Suppress in OPAC No
Holdings
Withdrawn status Lost status Source of classification or shelving scheme Damaged status Not for loan Home library Current library Date acquired Total Checkouts Full call number Barcode Date last seen Copy number Price effective from Koha item type
    Dewey Decimal Classification     College of Agriculture Library College of Agriculture Library 11/23/2021   641.802/BAN ALIB0012547 11/23/2021 1 11/23/2021 Books like text book referance book
    Dewey Decimal Classification     College of Agriculture Library College of Agriculture Library 11/23/2021   641.802/BAN ALIB0012548 11/23/2021 2 11/23/2021 Books like text book referance book
    Dewey Decimal Classification     College of Agriculture Library College of Agriculture Library 11/23/2021   641.802/BAN ALIB0012549 11/23/2021 3 11/23/2021 Books like text book referance book
    Dewey Decimal Classification     College of Agriculture Library College of Agriculture Library 11/23/2021   641.802/BAN ALIB0012550 11/23/2021 4 11/23/2021 Books like text book referance book
    Dewey Decimal Classification     College of Agriculture Library College of Agriculture Library 11/23/2021   641.802/BAN ALIB0012551 11/23/2021 5 11/23/2021 Books like text book referance book